[Event "Madrid ch - Previa A 2013"]
[Site "Madrid ESP"]
[Date "2013.02.05"]
[Round "2.28"]
[White "Apaza, Gabriela Erika"]
[Black "Fernandez Martinez, Jose"]
[Result "0-1"]
[WhiteElo "1196"]
[BlackElo "1707"]
[PlyCount "122"]
[EventDate "2013.02.04"]
[EventType "swiss"]
[EventRounds "9"]
[EventCountry "ESP"]
[Source "lmi"]
[SourceDate "2013.02.04"]

1. d4 d5 2. Nf3 Nf6 3. e3 e6 4. Bd3 c5 5. c3 Nc6 6. Nbd2 cxd4 7. exd4 Be7 8.
O-O O-O 9. Bc2 h6 10. Re1 Qc7 11. Nf1 Bd6 12. Qd3 e5 13. Nxe5 Nxe5 14. dxe5
Bxe5 15. f4 Bxf4 16. Bxf4 Qxf4 17. Ng3 Qc4 18. Qd2 Bd7 19. Bd3 Qc5+ 20. Kh1
Rae8 21. Bc2 Ng4 22. Rf1 Ne3 23. Qd3 Nxc2 24. Qxc2 Bb5 25. b4 Qe3 26. Nf5 Qe5
27. Rf2 Rc8 28. Rf3 Bc4 29. Re3 Qf4 30. Ne7+ Kh8 31. Nxc8 Qxe3 32. Nd6 b5 33.
Qd1 Qxc3 34. Rc1 Qxb4 35. Nf5 Re8 36. h3 Qb2 37. Rc2 Qe5 38. Nh4 Qe1+ 39. Qxe1
Rxe1+ 40. Kh2 Re2 41. Rxe2 Bxe2 42. Nf5 Bc4 43. Nd6 d4 44. Kg1 Kg8 45. Kf2 Kf8
46. Ne4 Ke7 47. Nd2 Ke6 48. Kf3 Kd5 49. g4 Bxa2 50. Kf4 Bc4 51. h4 a5 52. g5
hxg5+ 53. hxg5 a4 54. Nb1 b4 55. Kf5 Bd3+ 56. Kf4 Bxb1 57. g6 Bxg6 58. Kg4 Ke4
59. Kg5 d3 60. Kg4 d2 61. Kh4 Kf4 0-1

[Event "Madrid ch - Previa A 2013"]
[Site "Madrid ESP"]
[Date "2013.02.05"]
[Round "2.29"]
[White "Lucia Carpintero, Oscar"]
[Black "Barria Arbunic, Manuel"]
[Result "1/2-1/2"]
[WhiteElo "1683"]
[BlackElo "1478"]
[PlyCount "88"]
[EventDate "2013.02.04"]
[EventType "swiss"]
[EventRounds "9"]
[EventCountry "ESP"]
[Source "lmi"]
[SourceDate "2013.02.04"]

1. d4 Nf6 2. c4 e6 3. Nc3 c5 4. d5 exd5 5. cxd5 d6 6. e4 g6 7. Bd3 Bg7 8. Nf3
Bg4 9. Qa4+ Nbd7 10. Nd2 O-O 11. h3 Ne5 12. Bc2 Bd7 13. Qb3 Bc8 14. O-O b6 15.
a4 Ba6 16. Nb5 Re8 17. Re1 Qb8 18. f4 Ned7 19. Nc4 Bxb5 20. Qxb5 Bf8 21. Bd2 a6
22. Qb3 Qc7 23. Bc3 Nh5 24. Rf1 Ng3 25. Rfe1 Nh5 26. f5 Bg7 27. Bxg7 Kxg7 28.
Qc3+ Nhf6 29. fxg6 hxg6 30. Rad1 b5 31. axb5 axb5 32. Nd2 Ne5 33. Nf3 b4 34.
Qb3 Nfd7 35. Rf1 Qb6 36. Qe3 Nc4 37. Qf4 Nxb2 38. Ng5 Rf8 39. Rd2 Nc4 40. Rdf2
Nce5 41. Qh4 Rh8 42. Qg3 Rhf8 43. h4 Ra3 44. Qf4 b3 1/2-1/2

[Event "Madrid ch - Previa A 2013"]
[Site "Madrid ESP"]
[Date "2013.02.06"]
[Round "3.1"]
[White "Barroso Barroso, Jorge"]
[Black "Camarero Izquierdo, Juan Carlos"]
[Result "1/2-1/2"]
[WhiteElo "1859"]
[BlackElo "1922"]
[PlyCount "95"]
[EventDate "2013.02.04"]
[EventType "swiss"]
[EventRounds "9"]
[EventCountry "ESP"]
[Source "lmi"]
[SourceDate "2013.02.04"]

1. e4 c5 2. c4 Nc6 3. Ne2 d6 4. d4 cxd4 5. Nxd4 Nf6 6. Nc3 g6 7. Be2 Bg7 8. Be3
O-O 9. O-O Ne5 10. f3 Bd7 11. Rc1 Rc8 12. b3 Nc6 13. Qd2 Nxd4 14. Bxd4 Qa5 15.
Be3 a6 16. Nd5 Qd8 17. Bb6 Qe8 18. Nc7 Qd8 19. Qa5 Bh6 20. Nd5 Qe8 21. Nxf6+
exf6 22. Rcd1 f5 23. Bd3 fxe4 24. Bxe4 Bc6 25. Rfe1 Bxe4 26. Rxe4 Qc6 27. Qb4
f5 28. Re6 Bf4 29. Bd4 Rfe8 30. Rxe8+ Rxe8 31. Re1 Be5 32. Bf2 b5 33. cxb5 axb5
34. Qd2 Rc8 35. Qg5 Qc3 36. Qe7 Bd4 37. Qe6+ Kh8 38. a4 Bxf2+ 39. Kxf2 Qd4+ 40.
Kf1 Rc2 41. Qe8+ Kg7 42. Re7+ Kh6 43. Re2 Rc1+ 44. Re1 Qd3+ 45. Kf2 Rxe1 46.
Qxe1 Qxb3 47. axb5 Qxb5 48. Qd2+ 1/2-1/2

[Event "Madrid ch - Previa A 2013"]
[Site "Madrid ESP"]
[Date "2013.02.06"]
[Round "3.2"]
[White "Fernandez Garcia, Ignacio"]
[Black "Lopez Heras, Arturo"]
[Result "1/2-1/2"]
[WhiteElo "1835"]
[BlackElo "1917"]
[PlyCount "119"]
[EventDate "2013.02.04"]
[EventType "swiss"]
[EventRounds "9"]
[EventCountry "ESP"]
[Source "lmi"]
[SourceDate "2013.02.04"]

1. e4 e5 2. Nc3 d6 3. Bc4 Nf6 4. d3 c6 5. Qe2 Nbd7 6. Nf3 Be7 7. h3 b5 8. Bb3
O-O 9. Bd2 a5 10. a4 b4 11. Nd1 Nc5 12. Bc4 d5 13. exd5 cxd5 14. Bb5 e4 15. Ne5
Bd6 16. d4 Qc7 17. Ng4 Ncd7 18. Nde3 Nxg4 19. hxg4 Nb6 20. g5 g6 21. g3 f5 22.
b3 Be6 23. Rc1 Qg7 24. c3 Rac8 25. Ng2 bxc3 26. Rxc3 Qxd4 27. Rxc8 Rxc8 28. O-O
Qb2 29. Qe1 Rc2 30. Bf4 Bb4 31. Qd1 d4 32. Be5 Bc3 33. g4 Rd2 34. Qb1 Rxf2 35.
Qxb2 Rxb2 36. Nf4 Bxb3 37. gxf5 gxf5 38. Ne2 Be6 39. Nxc3 dxc3 40. Bxc3 Ra2 41.
Ra1 Rxa1+ 42. Bxa1 Nc4 43. Bc3 Kf7 44. Kf2 Kg6 45. Bxc4 Bxc4 46. Bd2 Bb3 47.
Kg3 Bxa4 48. Kf4 Bb5 49. Bxa5 e3 50. Be1 e2 51. Bf2 Bd7 52. Be1 Bc6 53. Bf2 Be4
54. Be1 Bd3 55. Bf2 Kf7 56. Ke5 Be4 57. Be1 Kg6 58. Kf4 h6 59. gxh6 Kxh6 60.
Ke3 1/2-1/2

[Event "Madrid ch - Previa A 2013"]
[Site "Madrid ESP"]
[Date "2013.02.06"]
[Round "3.3"]
[White "Rosa Ramirez, Victor D"]
[Black "Rodriguez Bachiller, luis"]
[Result "1-0"]
[WhiteElo "1911"]
[BlackElo "1776"]
[PlyCount "83"]
[EventDate "2013.02.04"]
[EventType "swiss"]
[EventRounds "9"]
[EventCountry "ESP"]
[Source "lmi"]
[SourceDate "2013.02.04"]

1. e4 c6 2. d4 d5 3. f3 Qc7 4. Bd3 e5 5. Ne2 Bd6 6. dxe5 Bxe5 7. f4 dxe4 8.
Bxe4 Bf6 9. Nbc3 Ne7 10. Qd3 g6 11. Bd2 Na6 12. Qe3 O-O 13. O-O-O Bf5 14. h4
Qb6 15. Ng3 Qxe3 16. Bxe3 Bxc3 17. bxc3 Be6 18. a3 Rfd8 19. Rxd8+ Rxd8 20. Bxa7
Ra8 21. Bd4 f5 22. Bf3 h5 23. Re1 Kf7 24. Kb2 Nc7 25. Ne2 Ra5 26. Be5 Nb5 27.
Nd4 Nxd4 28. cxd4 c5 29. dxc5 Rxc5 30. a4 Rc4 31. Bd6 Nc8 32. Ba3 b6 33. Bb7
Na7 34. Bd5 Bxd5 35. Re7+ Kf6 36. Rxa7 Rxf4 37. Bd6 Re4 38. Bc5 Bc6 39. Ra6
Bxa4 40. Bxb6 Rb4+ 41. Kc3 Re4 42. Bd4+ 1-0

[Event "Madrid ch - Previa A 2013"]
[Site "Madrid ESP"]
[Date "2013.02.06"]
[Round "3.4"]
[White "Amick, Cisneros"]
[Black "Espana Amoros, Carlos"]
[Result "0-1"]
[WhiteElo "1789"]
[BlackElo "1903"]
[PlyCount "68"]
[EventDate "2013.02.04"]
[EventType "swiss"]
[EventRounds "9"]
[EventCountry "ESP"]
[Source "lmi"]
[SourceDate "2013.02.04"]

1. e4 e6 2. d3 d5 3. exd5 exd5 4. g3 Nf6 5. Bg2 Be7 6. Ne2 O-O 7. O-O Re8 8.
Nbc3 c6 9. Bf4 Nbd7 10. d4 Nf8 11. h3 Ng6 12. Be3 Bd6 13. Qd2 Bf5 14. g4 Bc8
15. f4 h5 16. f5 Ne7 17. Bg5 Nh7 18. gxh5 f6 19. Bf4 Nxf5 20. h6 Bxf4 21. Nxf4
Nxh6 22. Rae1 Bf5 23. Nce2 Be4 24. Ng3 Ng5 25. Nfh5 Qd6 26. Qf2 Bg6 27. Nf4 Ne4
28. Nxe4 Bxe4 29. Qd2 Re7 30. Bxe4 Rxe4 31. Rxe4 dxe4 32. Nh5 Rf8 33. c3 Qd5
34. Qg2 Qxh5 0-1

[Event "Madrid ch - Previa A 2013"]
[Site "Madrid ESP"]
[Date "2013.02.06"]
[Round "3.5"]
[White "Espinola Salazar, Emilio"]
[Black "Perez Cameselle, Francisco"]
[Result "0-1"]
[WhiteElo "1853"]
[BlackElo "1885"]
[PlyCount "118"]
[EventDate "2013.02.04"]
[EventType "swiss"]
[EventRounds "9"]
[EventCountry "ESP"]
[Source "lmi"]
[SourceDate "2013.02.04"]

1. d4 Nf6 2. c4 c5 3. d5 e6 4. Nc3 exd5 5. cxd5 d6 6. e4 g6 7. Bg5 h6 8. Bh4
Bg7 9. Nf3 g5 10. Bg3 Nh5 11. Bb5+ Kf8 12. O-O Nxg3 13. hxg3 a6 14. Be2 b5 15.
Rc1 Nd7 16. Nh2 Nf6 17. f4 b4 18. Na4 Nxe4 19. Qd3 Bd4+ 20. Kh1 Nf2+ 21. Rxf2
Bxf2 22. Rf1 Bd4 23. Nf3 Qf6 24. Nb6 Bf5 25. Qd2 Rb8 26. Nc4 Be4 27. Nxd4 Qxd4
28. Qxd4 cxd4 29. Nxd6 Bxd5 30. Kg1 Rb6 31. Nf5 Bxa2 32. Nxd4 Rd6 33. Nf3 gxf4
34. gxf4 Kg7 35. Ra1 Be6 36. Kf2 Ra8 37. Ke3 a5 38. Rc1 Rc8 39. Ra1 Rc5 40. Nd4
Rb6 41. g4 Kf8 42. Rh1 Bd7 43. f5 a4 44. Kf4 a3 45. bxa3 bxa3 46. g5 hxg5+ 47.
Kxg5 Ke7 48. Re1 Kd8 49. Bh5 Rd5 50. Rd1 Rbd6 51. Ra1 Rxd4 52. Rxa3 f6+ 53. Kg6
Rf4 54. Ra5 Ke7 55. Rc5 Rf2 56. Bg4 Rg2 57. Kh5 Rd4 58. Bh3 Rh2 59. Rc3 Bxf5
0-1

[Event "Madrid ch - Previa A 2013"]
[Site "Madrid ESP"]
[Date "2013.02.06"]
[Round "3.7"]
[White "Ruiz Quevedo, Andres"]
[Black "Diaz Begonte, Manuel"]
[Result "1/2-1/2"]
[WhiteElo "1917"]
[BlackElo "1825"]
[PlyCount "64"]
[EventDate "2013.02.04"]
[EventType "swiss"]
[EventRounds "9"]
[EventCountry "ESP"]
[Source "lmi"]
[SourceDate "2013.02.04"]

1. c4 c6 2. Nf3 d5 3. g3 Bf5 4. Qb3 Qb6 5. Bg2 e6 6. O-O Nf6 7. d3 dxc4 8. Qxc4
Nbd7 9. Nc3 Bd6 10. Nd4 Ne5 11. Qa4 Bg6 12. Be3 Bc5 13. Nxc6 Nxc6 14. d4 O-O
15. dxc5 Qxb2 16. Qb3 Qxb3 17. axb3 Ng4 18. Bf4 e5 19. Bg5 h6 20. Bc1 a6 21. e3
Nf6 22. Rd1 Bc2 23. Rd6 Rfc8 24. Nd5 Nxd5 25. Bxd5 Rd8 26. Ba3 a5 27. Rc1 Bf5
28. Bb2 Rac8 29. e4 Bd7 30. Rd1 Bg4 31. Rd3 Rxd6 32. cxd6 Nb4 1/2-1/2

[Event "Madrid ch - Previa A 2013"]
[Site "Madrid ESP"]
[Date "2013.02.06"]
[Round "3.9"]
[White "Corral Aragon, Juan Maria"]
[Black "Saber, Salah"]
[Result "0-1"]
[WhiteElo "1753"]
[BlackElo "1844"]
[PlyCount "154"]
[EventDate "2013.02.04"]
[EventType "swiss"]
[EventRounds "9"]
[EventCountry "ESP"]
[Source "lmi"]
[SourceDate "2013.02.04"]

1. e4 d6 2. d4 Nf6 3. Nc3 Nc6 4. Bg5 e5 5. Bb5 Bd7 6. Nd5 Nxd4 7. Bxd7+ Kxd7 8.
Bxf6 gxf6 9. c3 Ne6 10. Qh5 Ke8 11. Nh3 c6 12. Ne3 Nc5 13. O-O Nxe4 14. f4 Be7
15. fxe5 dxe5 16. Kh1 Nd6 17. Rad1 Qb6 18. Ng4 Qd8 19. Nh6 Rf8 20. Nf5 Kd7 21.
Rxd6+ Bxd6 22. Rd1 Qb6 23. Rxd6+ Kc7 24. Qd1 Rad8 25. b4 Qa6 26. a4 Qc4 27. b5
Qe4 28. Ng3 Qc4 29. Rxd8 Rxd8 30. Qf3 Qxa4 31. Qxf6 Qxb5 32. Qxf7+ Rd7 33. Qf3
Qb1+ 34. Ng1 Rd1 35. N3e2 Rf1 36. Qe3 Qb5 37. c4 Qb2 38. c5 a5 39. Qd3 Kc8 40.
Qc4 Kb8 41. Ng3 Rc1 42. Qg8+ Ka7 43. Qxh7 a4 44. Qc7 Rxc5 45. Ne4 Rb5 46. Nd6
a3 47. Nc4 Qc3 48. Nd6 Rb2 49. Nc8+ Ka6 50. Qb8 a2 51. Qa7+ Kb5 52. Qxb7+ Ka4
53. Qa6+ Kb3 54. Nb6 Kc2 55. Qe2+ Qd2 56. Qe4+ Kc1 57. Nc4 Qxg2+ 58. Qxg2 Rxg2
59. Kxg2 a1=Q 60. Nf3 e4 61. Nfe5 Kd1 62. Ne3+ Ke2 63. N5c4 Qe1 64. Kh3 Kf3 65.
Ng2 Qc1 66. Ne5+ Kf2 67. Ng4+ Ke2 68. Kg3 Qc3+ 69. N2e3 Qe1+ 70. Kf4 Qh1 71.
Kg5 c5 72. h4 Kf3 73. h5 Qh3 74. h6 c4 75. h7 Qxh7 76. Nf6 Qg7+ 77. Kf5 Qxf6+
0-1

[Event "Madrid ch - Previa A 2013"]
[Site "Madrid ESP"]
[Date "2013.02.06"]
[Round "3.11"]
[White "Santacruz Molina, Ildefonso"]
[Black "Caamano Jimenez, Luis"]
[Result "1/2-1/2"]
[WhiteElo "1885"]
[BlackElo "1764"]
[PlyCount "103"]
[EventDate "2013.02.04"]
[EventType "swiss"]
[EventRounds "9"]
[EventCountry "ESP"]
[Source "lmi"]
[SourceDate "2013.02.04"]

1. d4 Nf6 2. Nc3 d5 3. Bg5 e6 4. e3 Nbd7 5. f4 c5 6. Nf3 cxd4 7. exd4 Qa5 8.
Bd3 Bb4 9. O-O Bxc3 10. bxc3 Qxc3 11. f5 O-O 12. Qe2 exf5 13. Bd2 Qc7 14. Bxf5
Re8 15. Qf2 Nf8 16. Ne5 Bxf5 17. Qxf5 Re6 18. Rae1 Rae8 19. Qd3 Ng6 20. Rf3
Nxe5 21. dxe5 Rxe5 22. Ref1 Qc4 23. Bc3 Qxd3 24. Rxd3 Re2 25. Bxf6 gxf6 26. Rc1
Re1+ 27. Rxe1 Rxe1+ 28. Kf2 Re5 29. Ra3 a6 30. Rc3 b5 31. Rc8+ Kg7 32. Ra8 Re6
33. Rc8 h6 34. Rc5 d4 35. c4 dxc3 36. Rxc3 Re4 37. a3 Kg6 38. Kf3 Ra4 39. Rb3
Kf5 40. Re3 Rf4+ 41. Kg3 h5 42. Rc3 Rc4 43. Re3 Re4 44. Rc3 Ke5 45. Kf2 Kd5 46.
Rf3 Ra4 47. Ke2 a5 48. Kd2 b4 49. axb4 axb4 50. Rxf6 Ra2+ 51. Kd3 Ra3+ 52. Kc2
1/2-1/2

[Event "Madrid ch - Previa A 2013"]
[Site "Madrid ESP"]
[Date "2013.02.06"]
[Round "3.12"]
[White "Lozano Sanchez, Jose Antonio"]
[Black "Roldan Garcia, Angel"]
[Result "1/2-1/2"]
[WhiteElo "1873"]
[BlackElo "1748"]
[PlyCount "85"]
[EventDate "2013.02.04"]
[EventType "swiss"]
[EventRounds "9"]
[EventCountry "ESP"]
[Source "lmi"]
[SourceDate "2013.02.04"]

1. e4 e6 2. Nf3 d5 3. exd5 exd5 4. d4 Bd6 5. Bd3 Ne7 6. c3 Bf5 7. Be3 O-O 8.
O-O c6 9. Re1 f6 10. Nh4 Bxd3 11. Qxd3 Qd7 12. h3 Na6 13. a4 Nc7 14. Nd2 Ne6
15. Nf5 Nxf5 16. Qxf5 Qf7 17. Nf3 Rfe8 18. Re2 Re7 19. Rae1 Rae8 20. Bc1 Nf8
21. Qd3 Rxe2 22. Rxe2 Rxe2 23. Qxe2 Qe6 24. Kf1 Qxe2+ 25. Kxe2 Kf7 26. Ne1 Ne6
27. Nd3 Kg6 28. Kf3 Kf5 29. g4+ Kg6 30. h4 Kf7 31. Bf4 Nxf4 32. Nxf4 Bxf4 33.
Kxf4 Ke6 34. f3 g6 35. b3 b6 36. b4 a6 37. Ke3 f5 38. Kf4 fxg4 39. fxg4 Kf6 40.
Kg3 h6 41. Kf3 g5 42. h5 b5 43. a5 1/2-1/2

[Event "Madrid ch - Previa A 2013"]
[Site "Madrid ESP"]
[Date "2013.02.06"]
[Round "3.13"]
[White "Beekhof Harmsen, Willen"]
[Black "Morera Rodriguez, Ignacio"]
[Result "0-1"]
[WhiteElo "1725"]
[BlackElo "1863"]
[PlyCount "82"]
[EventDate "2013.02.04"]
[EventType "swiss"]
[EventRounds "9"]
[EventCountry "ESP"]
[Source "lmi"]
[SourceDate "2013.02.04"]

1. d4 Nf6 2. Nf3 g6 3. c4 Bg7 4. Nc3 d5 5. cxd5 Nxd5 6. e4 Nxc3 7. bxc3 O-O 8.
Bd3 c5 9. Be3 Nc6 10. O-O cxd4 11. cxd4 Nxd4 12. Nxd4 Bxd4 13. Bxd4 Qxd4 14.
Qc2 Be6 15. Rfd1 Rac8 16. Qe2 Qe5 17. Qe3 Rfd8 18. f4 Qc5 19. Kf2 Qxe3+ 20.
Kxe3 Rc3 21. Rac1 Rdc8 22. Rxc3 Rxc3 23. Kd4 Ra3 24. f5 Bxa2 25. fxg6 hxg6 26.
Ra1 Ra4+ 27. Ke3 Bb3 28. Rxa4 Bxa4 29. g3 Kg7 30. e5 f6 31. Kd4 b5 32. exf6+
Kxf6 33. h4 e5+ 34. Kc5 a6 35. g4 Bd1 36. g5+ Ke6 37. Kb6 b4 38. Kxa6 b3 39.
Bxg6 Bc2 40. Be8 b2 41. g6 b1=Q 0-1

[Event "Madrid ch - Previa A 2013"]
[Site "Madrid ESP"]
[Date "2013.02.06"]
[Round "3.14"]
[White "Gonzalez Recas, Fernando"]
[Black "Maseda Iglesias, Luis"]
[Result "1/2-1/2"]
[WhiteElo "1844"]
[BlackElo "1747"]
[PlyCount "63"]
[EventDate "2013.02.04"]
[EventType "swiss"]
[EventRounds "9"]
[EventCountry "ESP"]
[Source "lmi"]
[SourceDate "2013.02.04"]

1. e4 e6 2. d4 d5 3. e5 c5 4. c3 Nc6 5. Nf3 Qb6 6. a3 Nh6 7. Bd3 cxd4 8. cxd4
Bd7 9. Bc2 Nf5 10. Bxf5 exf5 11. O-O Be7 12. Nc3 Be6 13. b4 Rc8 14. Na4 Qd8 15.
Nc5 b6 16. Nd3 h6 17. Bd2 g5 18. b5 Na5 19. Nb4 O-O 20. Rc1 Qd7 21. a4 Rxc1 22.
Qxc1 Rc8 23. Qb2 g4 24. Ne1 Nc4 25. Qa2 Nxd2 26. Qxd2 Bg5 27. Qb2 Rc4 28. Ned3
Qc7 29. Ra1 Kg7 30. Nc6 Bd7 31. Ndb4 Bxc6 32. Nxc6 1/2-1/2

[Event "Madrid ch - Previa A 2013"]
[Site "Madrid ESP"]
[Date "2013.02.06"]
[Round "3.15"]
[White "De Juan Rivas, Antonio"]
[Black "Martinez Miura, Enrique"]
[Result "1/2-1/2"]
[WhiteElo "1840"]
[BlackElo "1733"]
[PlyCount "29"]
[EventDate "2013.02.04"]
[EventType "swiss"]
[EventRounds "9"]
[EventCountry "ESP"]
[Source "lmi"]
[SourceDate "2013.02.04"]

1. e4 e6 2. d4 d5 3. Nd2 dxe4 4. Nxe4 Nf6 5. Nxf6+ Qxf6 6. Nf3 Qd8 7. Bd3 Be7
8. Qe2 Nd7 9. h4 c5 10. Bd2 cxd4 11. Nxd4 Nc5 12. Bb5+ Bd7 13. O-O-O Bxb5 14.
Nxb5 Qb6 15. Bc3 1/2-1/2

[Event "Madrid ch - Previa A 2013"]
[Site "Madrid ESP"]
[Date "2013.02.06"]
[Round "3.16"]
[White "Lopez Peral, Enrique"]
[Black "Tsakas, Nikolaos"]
[Result "1/2-1/2"]
[WhiteElo "1833"]
[BlackElo "1720"]
[PlyCount "84"]
[EventDate "2013.02.04"]
[EventType "swiss"]
[EventRounds "9"]
[EventCountry "ESP"]
[Source "lmi"]
[SourceDate "2013.02.04"]

1. Nf3 d5 2. d4 Nf6 3. e3 e6 4. c4 b6 5. Nc3 Ba6 6. Qa4+ Qd7 7. Qxd7+ Nbxd7 8.
cxd5 Bxf1 9. Rxf1 exd5 10. Bd2 c6 11. Rc1 Be7 12. Ke2 O-O 13. Na4 Rfc8 14. Rc2
Ne4 15. Rfc1 c5 16. dxc5 bxc5 17. Nc3 Nxd2 18. Nxd5 Nb3 19. Nxe7+ Kf8 20. Nxc8
Nxc1+ 21. Rxc1 Rxc8 22. Nd2 Ke7 23. b4 Ke6 24. b5 a6 25. bxa6 Ra8 26. Nc4 Rxa6
27. a3 Nf6 28. f3 Nd5 29. Kd3 g5 30. Rb1 f5 31. e4 Nf4+ 32. Kd2 Nxg2 33. Rb6+
Rxb6 34. exf5+ Kxf5 35. Nxb6 Nf4 36. a4 Ne6 37. a5 Nc7 38. Ke3 h5 39. h3 Na6
40. Nc4 Ke6 41. Ke4 Nc7 42. Nb6 Na6 1/2-1/2

[Event "Madrid ch - Previa A 2013"]
[Site "Madrid ESP"]
[Date "2013.02.06"]
[Round "3.17"]
[White "Garcia Gonzalez, Pedro A"]
[Black "Fernandez Martinez, Jose"]
[Result "1-0"]
[WhiteElo "1830"]
[BlackElo "1707"]
[PlyCount "109"]
[EventDate "2013.02.04"]
[EventType "swiss"]
[EventRounds "9"]
[EventCountry "ESP"]
[Source "lmi"]
[SourceDate "2013.02.04"]

1. d4 d5 2. Nf3 e6 3. e3 Nf6 4. Bd3 Be7 5. Nbd2 O-O 6. b3 Nbd7 7. Bb2 c6 8. O-O
Re8 9. Ne5 Qc7 10. f4 c5 11. Rf3 b6 12. Rh3 g6 13. g4 Bb7 14. Ndf3 Ne4 15. Nxd7
Qxd7 16. Ne5 Qc8 17. g5 cxd4 18. Bxd4 Bc5 19. c4 Bxd4 20. exd4 Re7 21. Qg4 Qf8
22. Re1 f6 23. gxf6 Qxf6 24. Ree3 Rf8 25. Rh4 Nd6 26. Reh3 Nf5 27. Bxf5 Qxf5
28. Qxf5 exf5 29. Kf2 Rg7 30. Rg3 Rd8 31. Rd3 Rc7 32. Ke3 dxc4 33. bxc4 Ba6 34.
Rc3 Rdc8 35. d5 Bxc4 36. d6 Rc5 37. d7 Rd8 38. Rxc4 Rxc4 39. Nxc4 Rxd7 40. Rh3
Rc7 41. Kd4 Rd7+ 42. Kc3 Rd1 43. Rd3 Rh1 44. Rd2 Rf1 45. Rd8+ Kg7 46. Rd7+ Kh6
47. Rxa7 Rxf4 48. Nxb6 Re4 49. a4 f4 50. a5 Re6 51. Nd5 f3 52. Rf7 Ra6 53. Kb4
Rd6 54. Nb6 Rd4+ 55. Kb5 1-0

[Event "Madrid ch - Previa A 2013"]
[Site "Madrid ESP"]
[Date "2013.02.06"]
[Round "3.18"]
[White "Jimenez Jimenez, Darfo"]
[Black "Montes De Santiago, Fernando"]
[Result "0-1"]
[WhiteElo "1678"]
[BlackElo "1826"]
[PlyCount "42"]
[EventDate "2013.02.04"]
[EventType "swiss"]
[EventRounds "9"]
[EventCountry "ESP"]
[Source "lmi"]
[SourceDate "2013.02.04"]

1. e4 d5 2. exd5 Qxd5 3. d4 c6 4. Nc3 Qa5 5. Bc4 Nf6 6. Bd2 Qc7 7. h3 Bf5 8.
Nge2 e6 9. Be3 Bd6 10. Qd2 Nbd7 11. O-O-O Nb6 12. Bb3 Nbd5 13. Nxd5 Nxd5 14.
Bxd5 cxd5 15. Bf4 Bxf4 16. Nxf4 Rc8 17. Nd3 Qc4 18. Nb4 Qxb4 19. c3 Qa4 20. b3
Qa3+ 21. Qb2 Rxc3+ 0-1

[Event "Madrid ch - Previa A 2013"]
[Site "Madrid ESP"]
[Date "2013.02.06"]
[Round "3.19"]
[White "Martinez Rubio, Felipe"]
[Black "Zuazua Conde, Ivan Javier"]
[Result "0-1"]
[WhiteElo "1826"]
[BlackElo "1605"]
[PlyCount "114"]
[EventDate "2013.02.04"]
[EventType "swiss"]
[EventRounds "9"]
[EventCountry "ESP"]
[Source "lmi"]
[SourceDate "2013.02.04"]

1. d4 d5 2. Nf3 c6 3. Bf4 Nf6 4. e3 Bf5 5. c4 e6 6. Qb3 Qb6 7. Nbd2 Nbd7 8. Be2
Be7 9. O-O O-O 10. h3 Ne4 11. c5 Qxb3 12. Nxb3 b6 13. cxb6 axb6 14. Rfc1 Rfc8
15. g4 Bg6 16. h4 h6 17. h5 Bh7 18. a3 Bd6 19. Bxd6 Nxd6 20. Nbd2 Ne4 21. Nxe4
Bxe4 22. Nd2 Bh7 23. b4 f5 24. f3 e5 25. dxe5 Nxe5 26. Kg2 fxg4 27. fxg4 Rf8
28. Kg3 Rf6 29. Rf1 Raf8 30. Rxf6 Rxf6 31. a4 Bd3 32. Bd1 Rf8 33. Bb3 Nc4 34.
Nxc4 dxc4 35. Ba2 Ra8 36. a5 bxa5 37. bxa5 Kf8 38. Rc1 Rxa5 39. Bxc4 Rc5 40.
Bxd3 Rxc1 41. Kf2 Ke7 42. Ke2 Kd6 43. Kd2 Rg1 44. Bf5 Ke5 45. Kd3 c5 46. Kc4
Rc1+ 47. Kd3 Ra1 48. Kc4 Ra3 49. Kxc5 Rxe3 50. Kc4 Rg3 51. Bd7 Kf4 52. Kd4 Rxg4
53. Kd3 Rg5 54. Be8 Kg3 55. Ke4 Kh4 56. Kf4 Rxh5 57. Bf7 Ra5 0-1

[Event "Madrid ch - Previa A 2013"]
[Site "Madrid ESP"]
[Date "2013.02.06"]
[Round "3.20"]
[White "Gonzalez Mateo, Jose Luis"]
[Black "Casal Martin, Jose M"]
[Result "1-0"]
[WhiteElo "1819"]
[BlackElo "1483"]
[PlyCount "31"]
[EventDate "2013.02.04"]
[EventType "swiss"]
[EventRounds "9"]
[EventCountry "ESP"]
[Source "lmi"]
[SourceDate "2013.02.04"]

1. d4 Nf6 2. Nf3 g6 3. Bg5 Bg7 4. Nbd2 O-O 5. e4 d6 6. h3 c5 7. d5 a6 8. a4 e6
9. c4 exd5 10. cxd5 h6 11. Bh4 a5 12. Bd3 Na6 13. O-O Nb4 14. Bb1 Qc7 15. Nc4
Nd7 16. Be7 1-0

[Event "Madrid ch - Previa A 2013"]
[Site "Madrid ESP"]
[Date "2013.02.06"]
[Round "3.23"]
[White "Barria Arbunic, Manuel"]
[Black "Hernandez Gutierrez, Jose"]
[Result "0-1"]
[WhiteElo "1478"]
[BlackElo "1852"]
[PlyCount "76"]
[EventDate "2013.02.04"]
[EventType "swiss"]
[EventRounds "9"]
[EventCountry "ESP"]
[Source "lmi"]
[SourceDate "2013.02.04"]

1. d4 Nf6 2. c4 e6 3. Nf3 b6 4. g3 Ba6 5. Qc2 Bb4+ 6. Bd2 Be7 7. Bg2 Bb7 8. O-O
O-O 9. Nc3 d5 10. cxd5 exd5 11. Rac1 Nbd7 12. Qb3 c5 13. Ne5 cxd4 14. Nxd7 Qxd7
15. Nb5 Bc5 16. Bg5 Ne4 17. Bf4 a6 18. Nxd4 Bxd4 19. Bxe4 dxe4 20. Rfd1 Bxf2+
21. Kxf2 e3+ 22. Qxe3 Qh3 23. Rg1 Qxh2+ 24. Ke1 Rfe8 25. Qf2 Qh5 26. Rc7 Bf3
27. Be3 Qe5 28. Rc3 Bg4 29. Rf1 Re7 30. Qf4 h5 31. Qxe5 Rxe5 32. Kf2 Rae8 33.
Rfc1 a5 34. Rb3 b5 35. Rc5 Rxc5 36. Bxc5 Rxe2+ 37. Kf1 Rc2 38. Rxb5 Be2+ 0-1

[Event "Madrid ch - Previa A 2013"]
[Site "Madrid ESP"]
[Date "2013.02.06"]
[Round "3.24"]
[White "Moreno Sanchez, Guillermo"]
[Black "Redondo Garcia, Jose Luis"]
[Result "0-1"]
[WhiteElo "1644"]
[BlackElo "1812"]
[PlyCount "82"]
[EventDate "2013.02.04"]
[EventType "swiss"]
[EventRounds "9"]
[EventCountry "ESP"]
[Source "lmi"]
[SourceDate "2013.02.04"]

1. d4 d5 2. c4 Nf6 3. Nc3 g6 4. Nf3 Bg7 5. e3 O-O 6. Be2 c6 7. O-O a6 8. c5
Nbd7 9. Qc2 Qc7 10. a3 e5 11. Nxe5 Nxe5 12. dxe5 Qxe5 13. f4 Qe7 14. b4 Ne4 15.
Nxe4 Bxa1 16. Nd6 Bg7 17. Bf3 b5 18. Re1 f5 19. Qf2 Qf6 20. h3 h5 21. Kh2 Be6
22. Re2 a5 23. Bb2 Qe7 24. Bc1 axb4 25. axb4 Ra1 26. Bb2 Rb1 27. Ba3 Ra8 28.
Ra2 Rb3 29. Bc1 Rxa2 30. Qxa2 Rxb4 31. Qa8+ Kh7 32. Qxc6 Rb1 33. Bd2 b4 34.
Bxd5 Rb2 35. Nc4 Bxd5 36. Qxd5 Rb1 37. c6 Bf6 38. Na5 Qc7 39. Nb7 Rd1 40. Qd7+
Qxd7 41. cxd7 Rxd2 0-1

[Event "Madrid ch - Previa A 2013"]
[Site "Madrid ESP"]
[Date "2013.02.06"]
[Round "3.25"]
[White "Olano Lanchas, Dionisio"]
[Black "Lucia Carpintero, Oscar"]
[Result "1-0"]
[WhiteElo "1759"]
[BlackElo "1683"]
[PlyCount "65"]
[EventDate "2013.02.04"]
[EventType "swiss"]
[EventRounds "9"]
[EventCountry "ESP"]
[Source "lmi"]
[SourceDate "2013.02.04"]

1. d4 Nf6 2. Nc3 d5 3. g3 Bf5 4. Bg2 e6 5. a3 c5 6. Nf3 Nc6 7. e3 Bg4 8. h3 Bh5
9. O-O Ne4 10. Ne2 cxd4 11. exd4 Be7 12. Nf4 Bg6 13. c3 Bf5 14. Qb3 Qc7 15. Ne2
h5 16. Bf4 Bd6 17. Bxd6 Nxd6 18. Nd2 Bd3 19. Rfe1 O-O-O 20. Qd1 g5 21. Nb3 Be4
22. Nc5 Bxg2 23. Kxg2 h4 24. g4 f5 25. Nxe6 Qf7 26. Nxd8 Kxd8 27. f3 fxg4 28.
hxg4 Nc4 29. Qc1 h3+ 30. Kf2 Qf6 31. b3 Rf8 32. Nf4 Nd6 33. Ne6+ 1-0